| 000 | 00995pam a2200277 a 4500 | ||
|---|---|---|---|
| 001 | BD-DhSAU 5623 | ||
| 003 | BD-DhSAU | ||
| 005 | 20150416155712.0 | ||
| 008 | 810604s1981 ne a b 001 0 eng | ||
| 020 | _a9060214625 | ||
| 020 | _a9060214617 | ||
| 040 | _aBD-DhSAU | ||
| 082 | 0 | 0 |
_a582.13 _222 _bGET |
| 100 | _aGeesink, R. | ||
| 245 | 1 | 0 |
_aThonner's analytical key to the families of flowering plants / _cR. Geesink ... [et al.]. |
| 260 |
_aWageningen : _bCentre for Agricultural Pub. and Documentation ; _aHague ; _aBoston : _bLeiden University Press ; _aHingham, MA : _bDistributors for the U.S. and Canada, Kluwer Boston, _cc1981. |
||
| 300 |
_axxvi, 231 p. : _bill. ; _c24 cm. |
||
| 440 | 0 |
_aLeiden botanical series ; _vv. 5 |
|
| 504 | _aIncludes bibliographical references and index. | ||
| 590 | _aJerin | ||
| 650 | 0 |
_aPhanerogams _vIdentification. |
|
| 650 | 0 |
_aPlants _vIdentification. |
|
| 700 | 1 | _aLeeuwenberg, A. J. M. | |
| 700 | 1 | _aRidsdale, C. E. | |
| 700 | 1 | _aVeldkamp, J. F. | |
| 942 |
_2ddc _cBOOK |
||
| 999 |
_c5623 _d5623 |
||